000 00364nam a2200157Ia 4500
008 230524s9999 xx 000 0 und d
082 _a660.602
_bPIN
100 _aGeorge Pinchuk
_923681
245 0 _aImmunology
250 _a1ST
260 _aNEW DELHI
_bTMH
_c2005
300 _aIX;311
500 _aQuantity Number: 1
650 _aBiomedical
942 _cBK
999 _c35229
_d35229